logo

A SANGRE FRIA (Registro nro. 66294)

Detalles MARC
000 -CABECERA
campo de control de longitud fija 00437nam a2200193Ia 4500
001 - NÚMERO DE CONTROL
campo de control 30986
005 - FECHA Y HORA DE LA ÚLTIMA TRANSACCIÓN
campo de control 20260407100231.0
008 - CÓDIGOS DE INFORMACIÓN DE LONGITUD FIJA
campo de control de longitud fija 260115s9999 xx 000 0 und d
010 ## - NÚMERO DE CONTROL DE LA BIBLIOTECA DEL CONGRESO
Número de control de LC 66294
020 ## - NÚMERO INTERNACIONAL NORMALIZADO PARA LIBROS(ISBN)
Número Internacional Normalizado para Libros (ISBN) 978-84-339-7299-6
035 ## - NÚMERO DE CONTROL DEL SISTEMA
Número de control de sistema 20959
090 ## - LOCALMENTE ASIGNADO TIPO-LC NÚMERO DE CLASIFICACIÓN (OCLC); NÚMERO DE CLASIFICACIÓN LOCAL (RLIN)
Número de clasificación (OCLC) (R) ; Numero de clasificación CALL (RLIN) (NR) 821.111.3
100 ## - PUNTO DE ACCESO PRINCIPAL - NOMBRE DE PERSONA
Nombre de persona CAPOTE TRUMAN
245 #2 - MENCIÓN DE TÍTULO
Título A SANGRE FRIA
260 ## - PUBLICACIÓN, DISTRIBUCIÓN, ETC. (PIE DE IMPRENTA)
Nombre del editor distribuidor etc. ANAGRAMA
Fecha de publicación distribución etc. 2007
630 ## - PUNTO DE ACCESO ADICIONAL DE MATERIA--TÍTULO UNIFORME
Título uniforme LITERATURA INGLESA
650 ## - PUNTO DE ACCESO ADICIONAL DE MATERIA--TÉRMINO DE MATERIA
Término de materia o nombre geográfico como elemento inicial NOVELA POLICIACA
942 ## - ELEMENTOS DE PUNTO DE ACCESO ADICIONAL (KOHA)
Tipo de ítem Koha Monografías
Existencias
Estado de retiro Estado de pérdida Estado dañado No para préstamo Código de colección Localización permanente Ubicación/localización actual Ubicación en estantería Fecha de adquisición Enumeración/cronología de publicación seriada Número de inventario Número de registro Total de préstamos Signatura topográfica completa Código de barras Fecha visto por última vez Número de copia Precio válido a partir de Tipo de ítem Koha Nota pública
          Servicio de Estudios Históricos Servicio de Estudios Históricos   06/05/2009 821.111.3 27823 27823   20959 FH_30986 05/02/2026 1 05/02/2026 Monografías 21 X 14 CMS. 440 PAGINAS, BARCELONA 2007; 9,62 €: 978-84-339-7299-6.